000 01169nam a2200361 a 4500
003 AR-BaBNM
005 20251128202823.0
008 082120s2002 ||||||||||||||000 | spa||
040 _cAR-BaBNM
245 0 0 _aHistoria y elementos de la sociología del conocimiento
_bcontenido y contexto de las ideas sociales
_n1
260 _aBuenos Aires
_bEudeba
_c1964
300 _axvi, 353 p.
490 0 _aTemas. Sociología
500 _aContiene referencias bibliográficas en notas a pie de página
600 1 4 _aDe Tracy, Destutt
650 4 _aSOCIOLOGIA DEL CONOCIMIENTO
650 4 _aCONOCIMIENTO
650 4 _aCOMUNIDADES CIENTIFICAS
650 4 _aFILOSOFIA DE LAS CIENCIAS
650 4 _aSOCIOLOGIA DE LA RELIGION
650 4 _aRELIGION
650 4 _aIDEOLOGIAS
700 1 _aHorowitz, Irving Louis
_ecompilador
700 1 _aBugallo, Nellt
_etraductor
700 1 _aGuerrero, Carlos
_etraductor
700 1 _aLevín, Pablo
_etraductor
700 1 _aMalfé, Ricardo
_etraductor
700 1 _aNapolitano, José Arturo
_etraductor
700 1 _aRosenblatt, Noemí
_etraductor
700 1 _aSalti, Danielle
_erevisión
942 _cBK
998 _cSILVI
999 _c728
_d728